| 000 | 00767nam a2200241 a 4500 | ||
|---|---|---|---|
| 001 | 000037701 | ||
| 003 | DO-SdBNP | ||
| 005 | 20250923123442.0 | ||
| 008 | 121115s2012 dr ac r 000 0 spa d | ||
| 020 | _a9789945408683 | ||
| 040 |
_aDO-SdBNP _bspa _cBNPHU |
||
| 082 |
_a363.12493 _bB175d |
||
| 100 | 1 |
_aBaldayac, Rafael _964161 |
|
| 245 | 1 | 0 |
_aDe la fama a la tragedia / _cRafael Baldayac. |
| 260 |
_aSanto Domingo : _bArgos, _c2012. |
||
| 300 |
_a219 p. : _bil., retrs. ; _c23 cm. |
||
| 590 | _aInventariado, 2018/BT | ||
| 650 | 4 |
_aSupervivencia después de accidentes aéreos, naufragios, etc. _960555 |
|
| 650 | 0 |
_aAccidentes aéreos _xEstudio de casos _93257 |
|
| 650 | 4 |
_aRehénes _95630 |
|
| 910 | _aValidado. Control de calidad. EMS | ||
| 942 |
_2ddc _cLBS1 |
||
| 999 |
_c37191 _d37191 |
||